00561nam a2200145Ia 4500008004100000100001700041245016800058245005100226260005900277260000900336300001100345650001800356650001500374856002600389170221s9999 xx 000 0 und d aJae Hee Park 4aThe Power of Political Boycott in Online Communities and Blogs:Exploring Online Political Debaters on the Korean Government’s Beef Trade Policies with the U.S.  cJae Hee Park, Daniel M. Haygood, Hyun Jung Yun bOnline Journal of Communication and Media Technologies c2013 a33 : 3 xCommunication xMedia Arts uhttp://www.ojcmt.net/